The Silmarillion Chapters - Statistics

General Stats
  • This quiz has been taken 105 times
    100 since last reset
  • The average score is 43 of 69
Answer Stats
Hint Answer % Correct
19 and {Lúthien}
85%
19 Of {Beren}
85%
23 of {Gondolin}
85%
12 Of {Men}
85%
18 and the {Fall}
83%
23 and the {Fall}
83%
21 Of {Túrin}
83%
24 and the {War}
81%
6 Of {Fëanor}
81%
7 of the {Noldor}
79%
9 of the {Noldor}
79%
13 of the {Noldor}
79%
15 Of the {Noldor}
79%
15 in {Beleriand}
77%
14 Of {Beleriand}
77%
18 of {Beleriand}
77%
17 of {Men}
75%
24 of {Wrath}
75%
3 of the {Elves}
74%
V Of the {Rings}
74%
7 Of the {Silmarils}
74%
20 {Battle}
72%
24 of {Eärendil}
72%
3 of {Melkor}
72%
6 of {Melkor}
72%
V of {Power}
72%
V {Age}
70%
4 Of {Thingol}
70%
23 Of {Tuor}
70%
III {Silmarillion}
70%
4 and {Melian}
68%
V and the {Third}
68%
8 of {Valinor}
68%
11 of {Valinor}
68%
22 of {Doriath}
66%
III {Quenta}
66%
21 {Turambar}
66%
I {Ainulindalë}
64%
IV {Akallabêth}
64%
14 and its {Realms}
64%
16 Of {Maeglin}
64%
II {Valaquenta}
64%
17 into the {West}
62%
8 Of the {Darkening}
60%
9 Of the {Flight}
60%
3 Of the {Coming}
57%
17 Of the {Coming}
57%
11 Of the {Sun}
57%
11 and the {Moon}
55%
2 and {Yavanna}
55%
2 Of {Aulë}
55%
18 of {Fingolfin}
55%
24 Of the {Voyage}
55%
20 {Nirnaeth}
53%
20 Of the {Fifth}
51%
20 {Arnoediad}
49%
18 Of the {Ruin}
45%
22 Of the {Ruin}
45%
1 Of the {Beginning}
43%
6 and the {Unchaining}
40%
10 Of the {Sindar}
38%
1 of {Days}
36%
11 and the {Hiding}
34%
7 and the {Unrest}
30%
5 and the {Princes}
26%
3 and the {Captivity}
25%
5 of the {Eldalië}
25%
5 Of {Eldamar}
21%
13 Of the {Return}
19%
No matching quizzes found
Score Distribution
Percent of People with Each Score
Percentile by Number Answered
Your Score History
You have not taken this quiz since the last reset